000 00325nam a22001457a 4500
008 210518b ||||| |||| 00| 0 eng d
020 _a9780812049572
041 _aeng
080 _210th
_a37
082 _a37
100 _a46
101 _aEDU
245 _aHow to Prepare for the GRE
_cBrownstein,S.C
942 _2udc
_cBK
999 _c57432
_d57432